00602nam a22001577a 4500999001700000008004100017020001800058050002200076100002500098245005400123260002500177300007300202700000900275942003400284952012600318 c26536d26536170204b xxu||||| |||| 00| 0 eng d a9780078135170 aHF 5635 .W55 2013 aWild, John J.d2013. aFundamental Accounting Principles/cJohn, Wild J. aUSA:bMcGraw,c2013. axxx,546p. :ill.bIncludes bibliographical references and indexc28cm aShaw 2lcccBOOKShHF 5635 .W55 2013 00102lcc4070aMUCbMUCcTECHd2017-02-04eDonation (B.F.A)l0oHF 5635 .W55 2013p33616r2018-06-08w2017-02-04yBOOKS